00999nam a2200217 a 450000500170000000800410001702000180005805000260007610000190010224501540012126000510027530000190032650000510034565000470039665000380044365000530048165000620053465000500059699900190064695201160066520140412111300.0010328s19uu xx 00 eng d a0-205-19954-2 aTR(GS 371.9bV38 1997 aVaughn, Sharon aTeaching mainstreamed, diverse, and at-risked students :bin the generated education classroom /cSharon Vaughn, Candance S. Bos, Jeanne Shay Schumm. aNeedham Heights, MA :bAllyn and Bacon,c1997. axxvi p. ; 550p aIncludes bibliographical references and index. aMainstreaming in education - United States aSpecial education - United States aHandicapped children - Education - United States aSocially handicapped children - Education - United States aDisabled children - Education - United States c103367d103367 001040aELbELcTRd2001-03-28eLib. Fundl0oTR(GS 371.9 V38 1997pE4601r2014-04-12 00:00:00w2014-04-12yBK